| 000 | 00671nam a22001817a 4500 | ||
|---|---|---|---|
| 999 |
_c9526 _d9526 |
||
| 003 | GBCCL | ||
| 005 | 20241126110713.0 | ||
| 008 | 230227b ||||| |||| 00| 0 eng d | ||
| 020 | _a9789881707888 | ||
| 040 | _cgbc | ||
| 082 |
_a261.8 _bJUS |
||
| 245 |
_aJust-Peace in globalized context focus on North East India / _cedited by Yangkahao Vashum, Muriel Orevilli-Montenegro |
||
| 260 |
_aJorhat , Assam : Hongkong : _bTribal study centre, ETC ; Interfaith cooperation forum Asia and Pacific alliance og YMCAs _c2021 |
||
| 300 | _a239p; | ||
| 440 |
_aTribal study series _n25 _916589 |
||
| 650 |
_aNortheastern India _vPeace-building _xTheology _916590 |
||
| 942 |
_2ddc _cBK _01 |
||